000 00386nam a2200169Ia 4500
001 16829
003 IN-NITTTR
005 20251114233159.0
008 251113s9999||||xx |||||||||||||| ||eng||
040 _beng
040 _cIN-NITTTR
041 _aeng
082 _a808.06665175 V816S
100 _aViraj,
245 0 _aSaral patra lekhan(letter-writing) /
_cViraj
942 _2ddc
_cBK
999 _c19463
_d19463